00525nam a2200145 a 4500008004100000050001300041110002900054245012900083260004400212300001900256350000900275490003300284650001300317650004900330101015s1994 ||||||||||||||||| || u aCOMM(02) aCommonwealth Secretariat10aSouth Africa in transition: the report of the Commonwealth observer mission to South Africa, phase III: August-December 1993 aLondon:bCommonwealth Secretariatc1994 avi, 86p.: ill. a0.00 aCommonwealth observer report aPOLITICS aSOUTH AFRICA--POLITICS AND GOVERNMENT--1989-